[Event "Euskadi-ch"]
[Site "Getxo"]
[Date "2022.04.19"]
[Round "1.3"]
[White "Rodriguez Gonzalez, Alex"]
[Black "Prieto Aranguren, Alain"]
[Result "0-1"]
[WhiteElo "1899"]
[BlackElo "2262"]
[PlyCount "68"]
[EventDate "2022.04.19"]
[EventType "swiss"]
[EventRounds "5"]
[EventCountry "ESP"]
[SourceTitle "EXT 2024"]
[Source "ChessBase"]
[SourceDate "2023.10.10"]
[SourceVersion "1"]
[SourceVersionDate "2023.10.10"]
[SourceQuality "1"]

1. e4 c6 2. Ne2 d5 3. e5 c5 4. c3 Nc6 5. d4 e6 6. g3 Qb6 7. Bg2 Nh6 8. 0-0 cxd4 9. c4 dxc4 10. Bxc6+ bxc6 11. Qxd4 Bc5 12. Qh4 Nf5 13. Qg4 h5 14. Qe4 Bb7 15. Nbc3 Be7 16. Qxc4 c5 17. Qb5+ Bc6 18. Qxb6 axb6 19. h3 b5 20. f3 Rd8 21. Kg2 g5 22. g4 hxg4 23. hxg4 Nh4+ 24. Kg3 Rd3 25. Ng1 Ng6 26. Rd1 Nxe5 27. Rxd3 Nxd3 28. Ne4 Bxe4 29. fxe4 Bd6+ 30. Kf3 Rh2 31. Bxg5 Ne5+ 32. Kg3 Rxb2 33. a4 Nc6+ 34. Kf3 Nd4+ 0-1

[Event "Getxo op 4th"]
[Site "Getxo"]
[Date "2019.09.13"]
[Round "7"]
[White "Rodriguez Gonzalez, Alex"]
[Black "Uribe Etxeberria Arregui, Ibon"]
[Result "1-0"]
[WhiteElo "1959"]
[BlackElo "1655"]
[PlyCount "32"]
[EventDate "2019.09.08"]
[EventType "swiss"]
[EventRounds "9"]
[EventCountry "ESP"]
[SourceTitle "EXT 2020"]
[Source "ChessBase"]
[SourceDate "2019.10.17"]
[SourceVersion "1"]
[SourceVersionDate "2019.10.17"]
[SourceQuality "1"]

1. Nf3 d5 2. c4 c6 3. e3 Nf6 4. Nc3 e6 5. Qc2 Be7 6. b3 0-0 7. Bb2 Nbd7 8. g4 Nxg4 9. Rg1 Nge5 10. Nxe5 Nxe5 11. Be2 f6 12. f4 Ng6 13. 0-0-0 b6 14. Bg4 Re8 15. cxd5 cxd5 16. Kb1 b5 1-0

[Event "Basque-ch"]
[Site "Getxo"]
[Date "2019.04.25"]
[Round "4"]
[White "Rodriguez Gonzalez, Alex"]
[Black "Galarza Docampo, Karmel"]
[Result "1/2-1/2"]
[WhiteElo "2001"]
[BlackElo "1913"]
[PlyCount "41"]
[EventDate "2019.04.22"]
[EventType "swiss"]
[EventRounds "7"]
[EventCountry "ESP"]
[SourceTitle "CBM 190 Extra"]
[Source "ChessBase"]
[SourceDate "2019.07.15"]
[SourceVersion "1"]
[SourceVersionDate "2019.07.15"]
[SourceQuality "1"]

1. Nf3 Nf6 2. c4 g6 3. Nc3 Bg7 4. e4 d6 5. d4 0-0 6. h3 e5 7. d5 Nfd7 8. Be2 a5 9. 0-0 Na6 10. Bg5 f6 11. Be3 Nac5 12. Ne1 f5 13. exf5 gxf5 14. Nd3 Nxd3 15. Bxd3 e4 16. Bc2 Ne5 17. Qh5 Nxc4 18. Bg5 Bf6 19. Nxe4 fxe4 20. Bxe4 Rf7 21. Bh6 1/2-1/2

[Event "Erandio op 27th"]
[Site "Erandio"]
[Date "2018.12.20"]
[Round "6"]
[White "Gutierrez Renedo, Manuel"]
[Black "Rodriguez Gonzalez, Alex"]
[Result "0-1"]
[WhiteElo "1732"]
[BlackElo "1984"]
[PlyCount "76"]
[EventDate "2018.12.15"]
[EventType "swiss"]
[EventRounds "8"]
[EventCountry "ESP"]
[SourceTitle "EXT 2020"]
[Source "ChessBase"]
[SourceDate "2019.10.17"]
[SourceVersion "1"]
[SourceVersionDate "2019.10.17"]
[SourceQuality "1"]

1. b3 a5 2. Nf3 a4 3. a3 axb3 4. c4 e6 5. Bb2 Nf6 6. g3 b6 7. Bg2 Bb7 8. 0-0 d5 9. Qxb3 dxc4 10. Qxc4 Nbd7 11. d3 Bd6 12. Qh4 Be7 13. Qc4 Bd5 14. Qc2 Nc5 15. Nbd2 h5 16. h3 g5 17. e4 Bc6 18. d4 Ba4 19. Qb1 g4 20. Nh4 gxh3 21. Bxh3 Rg8 22. Bg2 Ng4 23. Ndf3 Nb3 24. Ra2 Bxh4 25. gxh4 Qf6 26. e5 Nxe5 27. Nxe5 Nd2 28. Qh7 0-0-0 29. Qxf7 Nf3+ 30. Nxf3 Qxf7 31. Kh1 Bc6 32. Ng5 Qf4 33. Bc1 Qxh4+ 34. Kg1 Bxg2 35. Kxg2 Rxg5+ 36. Bxg5 Qxg5+ 37. Kf3 Qg4+ 38. Ke3 Qxd4+ 0-1

[Event "Erandio op 27th"]
[Site "Erandio"]
[Date "2018.12.19"]
[Round "5"]
[White "Sadusea, Johnny Fernando"]
[Black "Rodriguez Gonzalez, Alex"]
[Result "0-1"]
[WhiteElo "2130"]
[BlackElo "1984"]
[PlyCount "80"]
[EventDate "2018.12.15"]
[EventType "swiss"]
[EventRounds "8"]
[EventCountry "ESP"]
[SourceTitle "EXT 2020"]
[Source "ChessBase"]
[SourceDate "2019.10.17"]
[SourceVersion "1"]
[SourceVersionDate "2019.10.17"]
[SourceQuality "1"]

1. e4 Nc6 2. d4 d5 3. e5 Bf5 4. c3 e6 5. Nd2 f6 6. f4 Qd7 7. Ngf3 h5 8. Be2 h4 9. Nf1 h3 10. g3 Nh6 11. Bd3 Bxd3 12. Qxd3 fxe5 13. fxe5 0-0-0 14. Bxh6 Rxh6 15. 0-0-0 Na5 16. N1d2 c5 17. Kb1 c4 18. Qc2 Be7 19. Rdf1 Rf8 20. Rf2 b5 21. Rhf1 Qe8 22. Ng1 Rxf2 23. Rxf2 Nc6 24. Ne2 b4 25. Qa4 Qg6+ 26. Ka1 Kc7 27. Nf4 Qe8 28. cxb4 Bxb4 29. Nb1 Rh8 30. Nc3 Bxc3 31. bxc3 g5 32. Ne2 Rf8 33. Rxf8 Qxf8 34. Nc1 Qf2 35. Qa3 Qxh2 36. Qd6+ Kb7 37. Qd7+ Kb6 38. Qxe6 Qxg3 39. Kb2 Qg2+ 40. Ka3 h2 0-1

[Event "Getxo op 1st"]
[Site "Getxo"]
[Date "2016.09.11"]
[Round "2.2"]
[White "Munoz Pantoja, Miguel Angel"]
[Black "Rodriguez Gonzalez, Alex"]
[Result "1-0"]
[WhiteElo "2471"]
[BlackElo "1994"]
[PlyCount "57"]
[EventDate "2016.09.10"]
[EventType "swiss"]
[EventCountry "ESP"]
[SourceTitle "EXT 2024"]
[Source "ChessBase"]
[SourceDate "2023.10.10"]
[SourceVersion "1"]
[SourceVersionDate "2023.10.10"]
[SourceQuality "1"]

1. e4 c5 2. g3 d5 3. exd5 Qxd5 4. Nf3 Bg4 5. Be2 Qh5 6. h3 Nf6 7. d3 Nc6 8. Rh2 Bxf3 9. Bxf3 Qe5+ 10. Kf1 c4 11. dxc4 Rd8 12. Qe2 Qd4 13. Bxc6+ bxc6 14. Nc3 e6 15. Be3 Qd7 16. Rd1 Qb7 17. Rxd8+ Kxd8 18. b3 Kc8 19. Qf3 Bb4 20. Ne2 Rd8 21. Kg2 Bd2 22. Bd4 Ne8 23. Rh1 Bh6 24. Bc3 f6 25. Nd4 Rd6 26. c5 Rxd4 27. Bxd4 e5 28. Bc3 Qe7 29. Qxc6+ 1-0

[Event "Euskadi-ch"]
[Site "Zornotza"]
[Date "2016.03.31"]
[Round "4"]
[White "Rodriguez Gonzalez, Alex"]
[Black "Perez Fernandez, Modesto C"]
[Result "0-1"]
[WhiteElo "2005"]
[BlackElo "2091"]
[PlyCount "140"]
[EventDate "2016.03.28"]
[EventType "swiss"]
[EventRounds "7"]
[EventCountry "ESP"]
[SourceTitle "EXT 2018"]
[Source "ChessBase"]
[SourceDate "2017.10.13"]
[SourceVersion "1"]
[SourceVersionDate "2017.10.13"]
[SourceQuality "1"]

1. e4 c5 2. Nc3 e6 3. Nf3 Nc6 4. g3 d5 5. exd5 exd5 6. d4 Nf6 7. Be2 Be6 8. 0-0 Be7 9. Re1 0-0 10. Bg5 b6 11. Bb5 Rc8 12. Bxc6 Rxc6 13. Ne5 Rc8 14. Nb5 Ne4 15. Bxe7 Qxe7 16. f3 Nd6 17. Nc3 cxd4 18. Qxd4 Nf5 19. Qf2 Qc5 20. Qxc5 Rxc5 21. Nd3 Rc4 22. Ne5 Rc7 23. Rac1 Rfc8 24. g4 Nd4 25. Kf2 Nxc2 26. Rxc2 d4 27. Rd1 dxc3 28. bxc3 f6 29. Rd6 Bxa2 30. Rxa2 fxe5 31. Re6 Rd7 32. Re2 Rxc3 33. R2xe5 Rf7 34. Re3 Rxe3 35. Kxe3 Kf8 36. Rc6 Rd7 37. h4 Ke7 38. f4 b5 39. g5 g6 40. Rc8 Kd6 41. Kd4 a5 42. Rc5 Ke6+ 43. Ke4 Rb7 44. f5+ gxf5+ 45. Rxf5 a4 46. Rf6+ Ke7 47. Ra6 b4 48. Rxa4 b3 49. Ra1 Rb4+ 50. Ke5 Rxh4 51. Ra7+ Kd8 52. Kd6 Kc8 53. Ra1 b2 54. Rb1 Rb4 55. Kc6 Kd8 56. Kd6 Ke8 57. Ke6 Rb6+ 58. Kd5 Kf7 59. Kc4 Kg6 60. Kc3 Kxg5 61. Kc2 h5 62. Rg1+ Kf4 63. Kb1 h4 64. Rg8 h3 65. Rh8 Kg3 66. Rg8+ Kh2 67. Rg5 Rb3 68. Rd5 Kg2 69. Rd2+ Kg3 70. Rd1 h2 0-1

[Event "Euskadi-ch"]
[Site "Zornotza"]
[Date "2014.04.22"]
[Round "2"]
[White "Tetimov, Ivan"]
[Black "Rodriguez Gonzalez, Alex"]
[Result "1-0"]
[WhiteElo "2047"]
[BlackElo "1971"]
[PlyCount "61"]
[EventDate "2014.04.21"]
[EventType "swiss"]
[EventRounds "7"]
[EventCountry "ESP"]
[SourceTitle "CBM 160 Extra"]
[Source "ChessBase"]
[SourceDate "2014.07.01"]
[SourceVersion "1"]
[SourceVersionDate "2014.07.01"]
[SourceQuality "1"]

1. Nf3 c5 2. c4 Nc6 3. d4 cxd4 4. Nxd4 Nf6 5. Nc3 e6 6. g3 Bb4 7. Bg2 0-0 8. 0-0 Bxc3 9. bxc3 a6 10. Ba3 Re8 11. Bd6 Qa5 12. Qb3 Qh5 13. h3 e5 14. g4 Nxg4 15. hxg4 Qxg4 16. Nc2 b5 17. Ne3 Qh5 18. Qc2 Re6 19. Qf5 g5 20. c5 b4 21. Qg4 Qg6 22. Be4 Qg7 23. Nf5 Qf6 24. Qf3 Bb7 25. Ne7+ Kh8 26. Qxf6+ Rxf6 27. Nxc6 Rxd6 28. cxd6 bxc3 29. Rab1 Bxc6 30. Bxc6 dxc6 31. Rb7 1-0

[Event "Erandio op 21st"]
[Site "Erandio"]
[Date "2012.12.27"]
[Round "5"]
[White "Fernandez Rivera, Igor"]
[Black "Rodriguez Gonzalez, Alex"]
[Result "1-0"]
[WhiteElo "1903"]
[BlackElo "1998"]
[PlyCount "37"]
[EventDate "2012.12.22"]
[EventType "swiss"]
[EventRounds "9"]
[EventCountry "ESP"]
[SourceTitle "CBM 152 Extra"]
[Source "ChessBase"]
[SourceDate "2013.02.25"]
[SourceVersion "1"]
[SourceVersionDate "2013.02.25"]
[SourceQuality "1"]

1. e4 c5 2. Nf3 a6 3. g3 b5 4. Bg2 Bb7 5. d3 d6 6. 0-0 Nd7 7. Re1 e5 8. c4 Ngf6 9. Nc3 b4 10. Nd5 Nxd5 11. exd5 f5 12. Ng5 Nf6 13. f4 Qe7 14. Ne6 Kd7 15. fxe5 dxe5 16. Qa4+ Kc8 17. Rxe5 Ng4 18. d6 Qxd6 19. Qe8+ 1-0

[Event "CHI-chT"]
[Site "Santiago de Chile"]
[Date "2012.12.04"]
[Round "4"]
[White "Dussaubat Pedersen, Nelson"]
[Black "Rodriguez Gonzalez, Alex"]
[Result "1-0"]
[WhiteElo "2182"]
[BlackElo "1998"]
[PlyCount "77"]
[EventDate "2012.11.22"]
[EventType "team-tourn"]
[EventRounds "9"]
[EventCountry "CHI"]
[SourceTitle "EXT 2014"]
[Source "ChessBase"]
[SourceDate "2013.11.20"]
[SourceVersion "1"]
[SourceVersionDate "2013.11.20"]
[SourceQuality "1"]

1. Nf3 g6 2. d4 Nf6 3. Bg5 Bg7 4. e3 c5 5. c3 0-0 6. Bd3 cxd4 7. exd4 d5 8. 0-0 Nc6 9. Nbd2 Re8 10. Re1 Bg4 11. h3 Be6 12. Re2 h6 13. Bf4 Qd7 14. Bb5 Qc8 15. Qe1 a6 16. Bxc6 bxc6 17. Ne5 Bf5 18. Nb3 Ne4 19. f3 Nd6 20. g4 g5 21. Bg3 Bh7 22. Nc5 Ra7 23. Ned3 Nc4 24. b3 Na3 25. Qd2 Nb5 26. Rae1 e6 27. a4 Nc7 28. Ne5 Na8 29. f4 f6 30. Ned3 Nc7 31. fxg5 fxg5 32. Rf1 Bg6 33. Ne5 Bxe5 34. Bxe5 Rf8 35. Ref2 Rxf2 36. Qxf2 Qd8 37. Qg3 Bf7 38. Rf3 Qf8 39. Bxc7 1-0

[Event "Euskadi-chT (Vasca) Div 1st"]
[Site "Bergara"]
[Date "2012.02.25"]
[Round "7.4"]
[White "Tetimov, Ivan"]
[Black "Rodriguez Gonzalez, Alex"]
[Result "1/2-1/2"]
[WhiteElo "2032"]
[BlackElo "2002"]
[PlyCount "137"]
[EventDate "2012.01.14"]
[EventType "team-tourn"]
[EventRounds "9"]
[EventCountry "ESP"]
[SourceTitle "EXT 2024"]
[Source "ChessBase"]
[SourceDate "2023.10.10"]
[SourceVersion "1"]
[SourceVersionDate "2023.10.10"]
[SourceQuality "1"]

1. Nf3 c5 2. c4 Nf6 3. Nc3 g6 4. g3 Bg7 5. Bg2 d5 6. cxd5 Nxd5 7. 0-0 Nxc3 8. bxc3 Nc6 9. Qa4 Bd7 10. Qc4 b6 11. d4 cxd4 12. cxd4 Rc8 13. Qd3 Nb4 14. Qd2 a5 15. a3 Nc2 16. Rb1 Bf5 17. Bb2 Qd6 18. Qf4 Qxf4 19. gxf4 0-0 20. Ne5 Bxe5 21. fxe5 b5 22. d5 b4 23. axb4 axb4 24. d6 exd6 25. exd6 f6 26. Bd5+ Kg7 27. e4 Bg4 28. Rfc1 Bh3 29. f4 Rfd8 30. Bb3 Rxd6 31. Rxc2 Rxc2 32. Bxc2 Rd2 33. Bb3 Rg2+ 34. Kh1 Rf2 35. Bd5 Bg2+ 36. Kg1 Re2 37. Bd4 Bxe4 38. Bxe4 Rxe4 39. Rxb4 Rxf4 40. Rb7+ Kg8 41. Bb2 g5 42. Kg2 h5 43. Kg3 Rg4+ 44. Kf2 Rh4 45. Kg2 Rg4+ 46. Kh1 Rf4 47. Kg2 Rg4+ 48. Kf2 Rh4 49. Ke3 Rxh2 50. Bxf6 g4 51. Kf4 Kf8 52. Rh7 Rf2+ 53. Kg5 g3 54. Kg6 Ke8 55. Re7+ Kf8 56. Rf7+ Ke8 57. Re7+ Kf8 58. Rd7 Re2 59. Rd8+ Re8 60. Rd7 g2 61. Rf7+ Kg8 62. Rg7+ Kf8 63. Kxh5 Re2 64. Rg4 Kf7 65. Bd4 Rd2 66. Bg1 Kf6 67. Kh4 Kf5 68. Rg7 Rd8 69. Kh3 1/2-1/2